La tumba etrusca (1988-1990) / (Record no. 4744)
[ view plain ]
| 000 -CABECERA | |
|---|---|
| campo de control de longitud fija | 00778cam a2200241 a 4500 |
| 001 - NÚMERO DE CONTROL | |
| campo de control | 000004938 |
| 005 - FECHA Y HORA DE LA ÚLTIMA TRANSACCIÓN | |
| campo de control | 20200929151535.0 |
| 008 - DATOS DE LONGITUD FIJA--INFORMACIÓN GENERAL | |
| campo de control de longitud fija | 920421s1992 sp 000 0 spa |
| 020 ## - NÚMERO INTERNACIONAL ESTÁNDAR DEL LIBRO | |
| Número Internacional Estándar del Libro | 8476583265 |
| 040 ## - FUENTE DE LA CATALOGACIÓN | |
| Centro catalogador/agencia de origen | DO-SdBNP |
| Centro/agencia transcriptor | DLC |
| Centro/agencia modificador | DLC |
| 082 ## - NÚMERO DE LA CLASIFICACIÓN DECIMAL DEWEY | |
| Número de clasificación | 861.64 |
| Número de documento/Ítem | L792t |
| 100 1# - ENTRADA PRINCIPAL--NOMBRE DE PERSONA | |
| Nombre de persona | Llop, José Carlos |
| Fechas asociadas al nombre | 1956- |
| 9 (RLIN) | 14262 |
| 245 13 - MENCIÓN DE TÍTULO | |
| Título | La tumba etrusca (1988-1990) / |
| Mención de responsabilidad, etc. | José Carlos Llop. |
| 260 ## - PUBLICACIÓN, DISTRIBUCIÓN, ETC. | |
| Lugar de publicación, distribución, etc. | Barcelona : |
| Nombre del editor, distribuidor, etc. | Anthropos, |
| Fecha de publicación, distribución, etc. | 1992. |
| 300 ## - DESCRIPCIÓN FÍSICA | |
| Extensión | 63 p. ; |
| Dimensiones | 20 cm. |
| 490 1# - MENCIÓN DE SERIE | |
| Mención de serie | Ámbitos literarios ; |
| Designación de volumen o secuencia | no. 103 |
| 490 1# - MENCIÓN DE SERIE | |
| Mención de serie | Poesía ; |
| Designación de volumen o secuencia | no. 103 |
| 586 ## - NOTA DE PREMIOS | |
| Nota de premios | Premio Editorial Anthropodos de Poesía, 1991 |
| 650 #4 - PUNTO DE ACCESO ADICIONAL DE MATERIA--TÉRMINO DE MATERIA | |
| Término de materia o nombre geográfico como elemento de entrada | Poesía española |
| 9 (RLIN) | 631 |
| 650 #4 - PUNTO DE ACCESO ADICIONAL DE MATERIA--TÉRMINO DE MATERIA | |
| Término de materia o nombre geográfico como elemento de entrada | Literatura española |
| 9 (RLIN) | 632 |
| 830 #0 - PUNTO DE ACCESO ADICIONAL DE SERIE-TÍTULO UNIFORME | |
| Título uniforme | Ámbitos literarios, |
| Nombre de parte o sección de la obra | Poesía ; |
| Designación de volumen o secuencia | no. 103 |
| 9 (RLIN) | 14263 |
| 910 ## - DATOS DE OPCIÓN DEL USUARIO (OCLC) | |
| Datos de opción del usuario | Catalogación por copia / LC |
| Estado de retiro | Estado de pérdida | Restricciones de uso | No para préstamo | Código de colección | Localización permanente | Ubicación/localización actual | Ubicación en estantería | Fecha de adquisición | Número de inventario | Total de préstamos | Signatura topográfica completa | Código de barras | Fecha visto por última vez | Precio válido a partir de | Tipo de ítem Koha |
|---|---|---|---|---|---|---|---|---|---|---|---|---|---|---|---|
| Préstamo interno | Monografías: Libros y Folletos | General | General | En catalogación | 27.07.2009 | LF1 | 861.64 L792t | 4938-10 | 25.06.2020 | 25.06.2020 | Préstamo interno |
